000 00661nam a2200205 a 4500
005 20160419144512.0
008 130815b ck ||||| |||| 00| 0 spa d
040 _aCO-BoIAVH
_cCO-BoIAVH
041 _aspa
090 _aEA
_b00060
110 2 _aInvemar
_93132
245 1 _aOjo con Gorgona
_bParque Nacional Natural
260 _as.l.
_bFONADE
_bINVEMAR
_c[199?]
300 _a23 paginas
_bilustraciones
_c19 cm.
590 _aFirma de Claudia María Villa en primera hoja en el ejemplar 3 Bogotá
650 1 4 _aComunidades marinas
_zGorgona (Isla, Colombia)
_966067
650 1 4 _aLagarto Azul
_966068
650 1 4 _aMico cariblanco
_966069
942 _cFolleto
_2z
999 _c4500
_d4500